| Tag |
First Indicator |
Second Indicator |
Subfields |
| LEADER |
00000cam a2200000 i 4500 |
| 001 |
in00000008360 |
| 005 |
20151003050030.0 |
| 008 |
750331s1950 enkaf b 00010 eng |
| 010 |
|
|
|a 74190944
|
| 035 |
|
|
|a (OCoLC)03206560
|
| 035 |
|
|
|9 AAA0746AM
|
| 040 |
|
|
|a DLC
|c DLC
|d m.c.
|d TXA
|d UtOrBLW
|
| 043 |
|
|
|a e-gr---
|
| 050 |
0 |
0 |
|a NB155
|b .W42
|
| 082 |
0 |
|
|a 733
|
| 100 |
1 |
|
|a Webster, T. B. L.
|q (Thomas Bertram Lonsdale),
|d 1905-1974.
|
| 245 |
1 |
0 |
|a Greek terracottas /
|c T.B.L. Webster.
|
| 264 |
|
1 |
|a Harmondsworth, England :
|b Penguin Books,
|c 1950.
|
| 300 |
|
|
|a 35 pages, 54 pages of plates :
|b illustrations ;
|c 19 cm.
|
| 336 |
|
|
|a text
|b txt
|2 rdacontent
|
| 337 |
|
|
|a unmediated
|b n
|2 rdamedia
|
| 338 |
|
|
|a volume
|b nc
|2 rdacarrier
|
| 490 |
1 |
|
|a The King penguin books ;
|v 54
|
| 504 |
|
|
|a Bibliography: page [31].
|
| 650 |
|
0 |
|a Terra-cotta sculpture, Greek.
|
| 830 |
|
0 |
|a King Penguin books ;
|v 54.
|
| 999 |
|
|
|a MARS
|
| 999 |
f |
f |
|s 84a969c1-f3c4-307b-9ec1-0ecac615546d
|i 5d5d4836-8ba3-3ebb-8f06-c8bc44117516
|t 0
|
| 952 |
f |
f |
|p noncirc
|a Texas A&M University
|b College Station
|c Sterling C. Evans Library
|d Bodrum (located in Turkey)
|t 0
|e NB155 .W42
|h Library of Congress classification
|i unmediated -- volume
|
| 952 |
f |
f |
|p normal
|a Texas A&M University
|b College Station
|c Sterling C. Evans Library
|d Evans: Library Stacks
|t 0
|e NB155 .W42
|h Library of Congress classification
|i unmediated -- volume
|m A14812562390
|
| 952 |
f |
f |
|p noncirc
|a Texas A&M University
|b College Station
|c Sterling C. Evans Library
|d Bodrum (located in Turkey)
|t 0
|e NB155 .W42
|h Library of Congress classification
|i unmediated -- volume
|
| 998 |
f |
f |
|a NB155 .W42
|t 0
|l Evans: Library Stacks
|
| 998 |
f |
f |
|a NB155 .W42
|t 0
|l Bodrum (located in Turkey)
|
| 998 |
f |
f |
|a NB155 .W42
|t 0
|l Bodrum (located in Turkey)
|